000 nam a22 a 4500
999 _c3490
_d3490
003 AKMAL
005 20170523093936.0
008 170523s1986 -us 00 eng d
020 _a0442214383
_cCIP entry
040 _cAKMAL
082 0 4 _a658.5 BOY
_221
090 0 0 _a658.5
_bBOY
100 1 _aBoy, Raymond A.,
_d1948-
_96993
245 1 0 _aImproving total corporate productivity /
_cRaymond A. Boy
260 _aNew York :
_bV.N. Reinhold Co.,
_c1986
300 0 0 _aix, 182p. :
_bill. ;
_c24cm
504 _aIncludes index
650 0 _aIndustrial productivity
_96631
942 _2ddc
_cBOOK